| 000 | 00662nam a22002417a 4500 | ||
|---|---|---|---|
| 003 | UA-OsUOA | ||
| 001 | 70893 | ||
| 007 | ta | ||
| 008 | 20100923b un ||||| |||| 00| 0 ukr d | ||
| 100 | _aФальц-Фейн В. | ||
| 090 |
_a502.4(477) _bФ19 |
||
| 942 | _cBK | ||
| 040 |
_aUA-OsUOA _brus _cUA-OsUOA _dUA-OsUOA |
||
| 245 | _aАскания-Нова | ||
| 300 | _a346 с. | ||
| 955 | _a2 | ||
| 041 | _arus | ||
| 080 | _a502.4(477) | ||
| 020 | _a966-540-045-2 | ||
| 260 |
_aК. _bАграрна наука _c1997 |
||
| 650 | 7 |
_a80 Загальні питання лінгвістики, літератури. Філологія _2UDC |
|
| 999 |
_c357169 _d357169 |
||